| 000 | 00816nam a22002537a 4500 | ||
|---|---|---|---|
| 005 | 20170123162342.0 | ||
| 010 | _aA-412255 | ||
| 020 | _c30.00 | ||
| 035 | _aA-412255 | ||
| 037 | _bCen Lib/Ret | ||
| 040 |
_aDPL _bUR |
||
| 082 |
_a921 _bم ه د |
||
| 100 |
_aعلی مہدی _9127633 |
||
| 245 |
_aمیر منصب علی محض سندیلوی : _cعلی مہدی _bحیات اور شاعری / |
||
| 246 |
_aMeer Munsab Ali Muhaz Sindelavi : hayat aur shayeri / _bby Ali Mahdi |
||
| 260 |
_aلکھنوو _b1989 |
||
| 270 | _bلکھنوو | ||
| 300 |
_a320p. _c21cm(Hb) |
||
| 650 |
_aادب -- اردو _9127634 |
||
| 650 |
_aاردو سوانے عمری _9127635 |
||
| 650 |
_aUrdu literature _9127636 |
||
| 650 |
_aUrdu -- biography _9511 |
||
| 942 |
_2ddc _cUR _h921 _mم ه د |
||
| 999 |
_c108568 _d108568 |
||